LEADER 01728ojm 2200241z- 450 001 9910136219303321 010 $a1-5247-5151-0 035 $a(CKB)3710000000915980 035 $a(VLeBooks)9781524751517 035 $a(EXLCZ)993710000000915980 100 $a20231107c2016uuuu -u- - 101 0 $aeng 200 $aThese Are the Names 205 $aUnabridged edition. 210 $cRandom House 330 $a A moody, atmospheric literary thriller and "a timeless tale of migration" ( The Guardian ), from one of Europe's biggest-selling authors   Despite its Biblical title-which comes from the opening lines of the Book of Exodus-award-winning novelist Tommy Wieringa has crafted perhaps his most timely book yet, as he traces two stories doomed to collide.  In one, we follow a group of starving, near-feral Eurasian refugees on a harrowing quest for survival; in the other, we follow Pontus Beg, a policeman from a small border town on the steppe, as he investigates the death of a rabbi, one of the town's two remaining Jews.  What follows is a gripping saga in which the two stories race toward each other, and Beg will be shaken to his core by what each one reveals about man's dark nature, and the possibility-or impossibility-of his own redemption. A virtual parable for our times,  These Are the Names  offers a suspenseful reading of a crisis that continues to dominate headlines, and simultaneously explores the enduring questions of faith, identity, and what it means to be "home." 701 $aWieringa$b Tommy$0741846 701 $aGarrett$b Sam$01358457 701 $aMorey$b Arthur$01745848 906 $aAUDIO 912 $a9910136219303321 996 $aThese Are the Names$94177245 997 $aUNINA